[Event "New Delhi Parsvnath blitz op 18th"]
[Site "New Delhi"]
[Date "2020.01.14"]
[Round "9"]
[White "Ambarish, Sharma"]
[Black "Ashutosh, Kumar2222"]
[Result "0-1"]
[WhiteElo "2057"]
[BlackElo "1967"]
[PlyCount "23"]
[EventDate "2020.01.14"]
[EventType "swiss (blitz)"]
[EventRounds "9"]
[EventCountry "IND"]
[SourceTitle "CBM 194 Extra"]
[Source "ChessBase"]
[SourceDate "2020.03.31"]
[SourceVersion "1"]
[SourceVersionDate "2020.03.31"]
[SourceQuality "1"]

1. e4 e6 2. Nf3 d5 3. e5 c5 4. b4 cxb4 5. a3 Nc6 6. axb4 Bxb4 7. c3 Be7 8. d4 f6 9. Bd3 fxe5 10. dxe5 Nh6 11. Bxh6 gxh6 12. Na3 0-1

[Event "New Delhi Parsvnath blitz op 18th"]
[Site "New Delhi"]
[Date "2020.01.14"]
[Round "3"]
[White "Ambarish, Sharma"]
[Black "Neelash, Saha"]
[Result "0-1"]
[WhiteElo "2057"]
[BlackElo "2356"]
[PlyCount "100"]
[EventDate "2020.01.14"]
[EventType "swiss (blitz)"]
[EventRounds "9"]
[EventCountry "IND"]
[SourceTitle "CBM 194 Extra"]
[Source "ChessBase"]
[SourceDate "2020.03.31"]
[SourceVersion "1"]
[SourceVersionDate "2020.03.31"]
[SourceQuality "1"]

1. e4 c6 2. d4 d5 3. Nc3 dxe4 4. Nxe4 Nf6 5. Nxf6+ exf6 6. Be3 Bd6 7. Bd3 0-0 8. Ne2 f5 9. 0-0 Qc7 10. Qd2 Bxh2+ 11. Kh1 Bd6 12. c4 Re8 13. c5 Bf8 14. Bf4 Qd8 15. Bc4 Be6 16. Bxe6 Rxe6 17. Ng3 Qd5 18. Rfe1 Nd7 19. Rxe6 fxe6 20. a3 e5 21. dxe5 Qxd2 22. Bxd2 Nxe5 23. Nxf5 Bxc5 24. Bc3 Nd3 25. Nxg7 Nxf2+ 26. Kh2 Bd6+ 27. Kg1 Ne4 28. Nf5 Bc5+ 29. Kh1 Nxc3 30. bxc3 Rf8 31. g4 h5 32. Rd1 hxg4 33. Nh6+ Kg7 34. Nxg4 Bxa3 35. Ne5 Re8 36. Nc4 Bc5 37. Kg2 Re7 38. Kf3 Kf7 39. Rh1 Ke6 40. Rh5 b6 41. Ne5 Kd6 42. Nc4+ Kc7 43. Ne5 Bd6 44. Nc4 b5 45. Nd2 a5 46. Ne4 a4 47. c4 b4 48. c5 Be5 49. Rh4 a3 50. Rh2 b3 0-1

[Event "BAN-chT"]
[Site "Dhaka"]
[Date "2019.12.16"]
[Round "10.4"]
[White "Ambarish, Sharma"]
[Black "Mollah Abdullah, Al Rakib"]
[Result "1/2-1/2"]
[WhiteElo "1880"]
[BlackElo "2461"]
[PlyCount "64"]
[EventDate "2019.12.07"]
[EventType "team-tourn"]
[EventRounds "11"]
[EventCountry "BAN"]
[SourceTitle "CBM 193 Extra"]
[Source "ChessBase"]
[SourceDate "2020.01.31"]
[SourceVersion "1"]
[SourceVersionDate "2020.01.31"]
[SourceQuality "1"]
[WhiteTeam "Janata Bank Officer Welfare"]
[BlackTeam "Saif Sporting Club"]
[WhiteTeamCountry "BAN"]
[BlackTeamCountry "BAN"]

1. e4 e5 2. Nf3 Nc6 3. d4 exd4 4. Nxd4 Nxd4 5. Qxd4 Qf6 6. Be3 Qxd4 7. Bxd4 Ne7 8. Nd2 Nc6 9. Bc3 Nb4 10. Bxb4 Bxb4 11. Bc4 0-0 12. 0-0-0 Rb8 13. e5 b5 14. Bd5 c6 15. Bb3 d5 16. exd6 Bxd6 17. Ne4 Bf4+ 18. Kb1 a5 19. c3 b4 20. cxb4 Rxb4 21. Nc3 Bf5+ 22. Bc2 Be6 23. Rhe1 Rfb8 24. b3 a4 25. Re4 Rxe4 26. Nxe4 axb3 27. axb3 Be5 28. Nc5 Ra8 29. Be4 Ra1+ 30. Kc2 Ra2+ 31. Kb1 Ra1+ 32. Kc2 Ra2+ 1/2-1/2

[Event "BAN-chT"]
[Site "Dhaka"]
[Date "2019.12.13"]
[Round "7.3"]
[White "Ambarish, Sharma"]
[Black "Md Abzid, Rahman"]
[Result "1-0"]
[WhiteElo "1880"]
[BlackElo "1937"]
[PlyCount "111"]
[EventDate "2019.12.07"]
[EventType "team-tourn"]
[EventRounds "11"]
[EventCountry "BAN"]
[SourceTitle "CBM 194 Extra"]
[Source "ChessBase"]
[SourceDate "2020.03.31"]
[SourceVersion "1"]
[SourceVersionDate "2020.03.31"]
[SourceQuality "1"]
[WhiteTeam "Janata Bank Officer Welfare"]
[BlackTeam "Sonali Bank Sports"]
[WhiteTeamCountry "BAN"]
[BlackTeamCountry "BAN"]

1. e4 e5 2. Nf3 Nc6 3. d4 exd4 4. Nxd4 Bc5 5. Be3 Qf6 6. c3 Nge7 7. Bc4 b6 8. 0-0 Bb7 9. Nb5 0-0-0 10. Bxc5 bxc5 11. Nd2 a6 12. Na3 Ne5 13. Qa4 Qc6 14. Qxc6 N7xc6 15. Bd5 f6 16. Rab1 Ne7 17. Bxb7+ Kxb7 18. b4 cxb4 19. cxb4 d6 20. b5 axb5 21. Nxb5 Kc8 22. Rfc1 N5c6 23. Nc4 Kd7 24. Ne3 Ra8 25. Nd5 Rxa2 26. Nxe7 Nxe7 27. Rxc7+ Ke6 28. Rd1 Rd8 29. Nd4+ Kf7 30. Nf5 Re8 31. Nxd6+ Kf8 32. Nxe8 Kxe8 33. f3 Ra6 34. Rdd7 Re6 35. Kf2 g6 36. Rxe7+ Rxe7 37. Rxe7+ Kxe7 38. Ke3 Ke6 39. f4 f5 40. e5 Kd5 41. Kd3 Kc5 42. Kc3 Kd5 43. Kb4 g5 44. g3 h6 45. Kb5 h5 46. Kb6 h4 47. Kc7 gxf4 48. gxf4 h3 49. Kd7 Ke4 50. e6 Kf3 51. e7 Kg2 52. e8Q Kxh2 53. Ke6 Kg1 54. Kxf5 h2 55. Kg6 h1Q 56. Qe1+ 1-0